2000 yükseköğretim öğrenci kontenjanları (Record no. 6191)

MARC details
000 -BAŞLIK
Sabit Uzunlukta Kontrol Alanı 00724na a2200217 4500
001 - KONTROL NUMARASI
Denetim Alanı 19272
003 - KONTROL NUMARASI IDENTIFIER
Denetim Alanı MIRAKIL
005 - SON İŞLEM TARİHİ VE ZAMANI
Denetim Alanı 20181213155059.0
008 - SABİT-BOY VERİ ELEMANLARI - GENEL BİLGİLER
Sabit Uzunlukta Kontrol Alanı 161212b tu 000 0
040 ## - KATALOGLAMA KAYNAK
Orijinal Kataloglama Ajansı Milas
Kataloglama Dili tur
Metne Dönüştürmek Ajansı TR-AnCHP
041 ## - DİL KODU
Metin / Ses Parça Veya Ayrı Başlığın Dil Kodu tur
082 ## - DEWEY ONLU SINIFLANDIRMA NUMARASI
Sınıflandırma Numarası 378.16
Ürün Numarası İ45 2001
090 ## - SINIFLAMA NUMARASI
Sınıflama Numarası 378.16 İ45 2001
245 ## - BAŞLIK TABLOSU
Başlık 2000 yükseköğretim öğrenci kontenjanları
Sorumluluk Tablosu, Vb Öğrenci Seçme ve Yerleştirme Merkezi
260 ## - YAYIN, DAĞITIM, VB
Yayın, Dağıtım, Vb Yeri Ankara
Yayıncı, Dağıtıcı, Vs Adı Öğrenci Seçme ve Yerleştirme Merkezi
Yayın, Dağıtım, Vb Tarihi 2001
300 ## - FİZİKSEL TANIM
Kapsam xvii, 405 s.
Diğer Fiziksel Ayrıntıları tbl.;
Boyutlar 28 sm.
490 ## - SERİSİ TABLOSU
Seri Beyanı ÖSYM yayınları
Hacim / Ardışık Tanımı 2001-1
650 ## - KONU KATMA GİRİŞ - TOPİKAL DÖNEM
Topikal Süreli Veya Coğrafi Ad Giriş Elemanı Yükseköğretim
Aktif Tarihleri 2000
Genel Alt Bölümü Öğrenci yerleştirme
Kronolojik Alt Bölümü Klavuzlar
710 ## - KATMA GİRİŞ - KURUMSAL ADI
Giriş Elemanı Olarak Kurumsal Ad Veya Yargı Alanı Adı Öğrenci Seçme ve Yerleştirme Merkezi (ÖSYM)
942 ## - EKLENDİ GİRİŞ ELEMANLARI (KOHA)
Sınıflandırma Veya Raf Düzeni Kaynak Dewey Decimal Classification
Koha Öğesi Türü Books
999 ## - SİSTEM KONTROL NUMARALARI (KOHA)
Koha Biblionumber 6191
Koha Biblioitemnumber 6191
Holdings
Kalıcı Konum Mevcut Konum Edinme Tarihi Edinim Kaynak Toplam Check-Out'Lar Tam Çağrı Numarası Barkod Tarih Son Görülme İtibaren Geçerli Fiyatlar Koha Öğesi Türü
CHP Kütüphanesi CHP Kütüphanesi 12/12/2016 Bağış   378.16 İ45 2001 010242 12/12/2016 12/12/2016 Books